000 00636nam a22001937a 4500
005 20180723165711.0
010 _aENG-100676
020 _a8175154470
_c139.00
035 _aEN-84209, B-216625
037 _bDBAD/PUB
082 _a346.006
100 _aAggarwal, S.K.
245 _aIndian corporate laws :
_ba textbook for B.COM(hons), M.COM, C.A, C.S,I.C.W.A,M.B.Aand LLb courses /
_cby S.K. Aggarwal
260 _aNew Delhi
_bGalgotia Publications
_c2006
270 _a5, Ansari Road, Darya Ganj
_bNew Delhi
_e110002
300 _a519p.
_c24cm (pbk)
500 _aIncludes index
942 _2ddc
_cEN
_h346.066
_mAGG
999 _c42232
_d42232